| 000 | 00626nam a2200241Ia 4500 | ||
|---|---|---|---|
| 005 | 20250425160645.0 | ||
| 008 | 250425s9999 xx 000 0 und d | ||
| 020 | _a9688807842 | ||
| 041 | _aspa | ||
| 043 | _amx | ||
| 082 | _a519 | ||
| 100 | _aBERENSON, MARK L. | ||
| 245 | 0 | _aESTADÍSTICA BÁSICA EN ADMINISTRACIÓN: CONCEPTOS Y APLICACIONES | |
| 250 | _a6A ED. | ||
| 260 | _aMEXICO | ||
| 260 |
_aMéxico _bPRENTICE-HALL _c1996 |
||
| 300 | _a943 | ||
| 650 | _aESTADÍSTICA MATEMATICA | ||
| 650 | _aESTADÍSTICA PARA ADMINISTRADORES | ||
| 700 |
_aLEVINE, DAVID M. _etraductor |
||
| 942 | _c01 | ||
| 010 | _a1447 | ||
| 999 |
_c193525 _d193525 |
||